| 000 | 00648nam a2200253Ia 4500 | ||
|---|---|---|---|
| 005 | 20250425161857.0 | ||
| 008 | 250425s9999 xx 000 0 und d | ||
| 020 | _a0133955265 | ||
| 041 | _aeng | ||
| 082 | _a658.3 | ||
| 100 | _aDUBRIN, ANDREW J. | ||
| 245 | 0 | _aHUMAN RELATIONS A JOB ORIENTED APPROACH | |
| 250 | _a5TH ED. | ||
| 260 |
_aEstados Unidos _bPRENTICE HALL _c1991 |
||
| 260 | _aS.L. | ||
| 300 | _a558 | ||
| 650 | _aADMINISTRACION DE PERSONAL | ||
| 650 | _aCOMPORTAMIENTO ORGANIZACIONAL | ||
| 650 | _aRELACIONES HUMANAS | ||
| 650 | _aSOCIOLOGIA INDUSTRIAL | ||
| 710 | _aPRENTICE HALL | ||
| 942 | _c01 | ||
| 010 | _a33370 | ||
| 999 |
_c217970 _d217970 |
||